000 00294nam a22001217a 4500
040 _cHS
082 _a591
100 _aNA
245 _aLaboratory training , management and water quality & nutrient analysis
260 _aAssian institute of technology
_bNA
_cNA
300 _a44p;
942 _cEK
999 _c9648
_d9648